Detalles MARC
| 000 -LIDER |
| fixed length control field |
00757nam a22002657a 4500 |
| 001 - NÚMERO DE CONTROL |
| Identificador de número de control |
240012 |
| 003 - IDENTIFICACDOR DE NÚMERO DE CONTROL |
| control field |
DO-SdBNP |
| 005 - DATE AND TIME OF LATEST TRANSACTION |
| control field |
20180130102851.0 |
| 007 - CAMPOS FIJOS DE DESCRIPCIÓN FÍSICA |
| fixed length control field |
240012 |
| 008 - ELEMENTOS DE LONGITUD FIJA |
| fixed length control field |
160315b 2005 sp xxu||||| |||| 00| 0 spa d |
| 020 ## - ISBN |
| International Standard Book Number |
849759-6501 |
| 040 ## - FUENTE DE CATALOGACIÓN |
| Agencia que crea de manera original el registro |
BPMSU |
| Idioma de catalogación |
spa |
| Agencia que realiza la transcripción |
BPMSU |
| 100 1# - ASIENTO PRINCIPAL -- NOMBRE PERSONAL |
| Nombre personal |
Vázquez-Figueroa, Alberto, |
| Fechas asociadas con el nombre |
1936- |
| 245 ## - MENCIÓN DE TITULO |
| Título |
Manaos / |
| Mención de responsabilidad |
Alberto Vázquez-Figueroa. |
| 250 ## - MENCIÓN DE EDICION |
| Mención de edición |
3 ª ed. |
| 260 ## - PUBLICACIÓN, DISTRIBUCIÓN, ETC. (PIE DE IMPRENTA) |
| Lugar de publicación, distribución, etc |
Barcelona : |
| Nombre del editor, distribuidor, etc. |
Debolsillo, |
| Fecha de publicación, distribución, etc |
2006. |
| 300 ## - DESCRIPCIÓN FÍSICA |
| Extensión |
295 p. ; |
| Dimensiones |
16 cm. |
| 490 1# - MENCIÓN DE SERIES |
| Mención de serie |
Bestseller |
| Volume/sequential designation |
69/4 |
| 490 1# - MENCIÓN DE SERIES |
| Mención de serie |
Biblioteca Alberto Vázquez-Figueroa ; |
| Volume/sequential designation |
4 |
| 830 #0 - ASIENTO SECUNDARIO DE SERIE--TÍTULO UNIFORME |
| Nombre de la parte o sección de una obra |
Bestseller ; |
| Volume number/sequential designation |
69/4 |
| 830 #0 - ASIENTO SECUNDARIO DE SERIE--TÍTULO UNIFORME |
| Nombre de la parte o sección de una obra |
Biblioteca Alberto Vázquez-Figueroa ; |
| Volume number/sequential designation |
4 |
| 942 ## - ADDED ENTRY ELEMENTS (KOHA) |
| Source of classification or shelving scheme |
Dewey Decimal Classification |
| Koha item type |
Libros |
| 945 ## - INFORMACIÓN DE PROCESAMIENTO LOCAL |
| Información de procesamiento local |
Inventariado, 2018/MFF |
| 956 ## - LOCAL ELECTRONIC LOCATION AND ACCESS (OCLC) |
| Método de acceso |
LOPEREZ |
| Materiales especificados |
10 |